书目信息 |
| 题名: |
马克思恩格斯书简
|
|
| 作者: | ;中共中央马恩列斯著作编译局 编译 | |
| 分册: | ||
| 出版信息: | 北京 人民出版社 1973.09 |
|
| 页数: | 107页 | |
| 开本: | 21cm | |
| 丛书名: | ||
| 单 册: | ||
| 中图分类: | A13 | |
| 科图分类: | ||
| 主题词: | 马恩著作--日记 , 马恩著作--函电 , 马恩著作--书信集 , 马恩著作--谈话 | |
| 电子资源: | ||
| ISBN: | ||
| 000 | 00780nam0 2200265 45 | |
| 001 | 0312250432 | |
| 005 | 20060815150222.62 | |
| 010 | @dCNY0.24 | |
| 091 | @a1001.638 | |
| 100 | @a20031225e19651973km y0chiy0120 ea | |
| 101 | 0 | @achi |
| 105 | @a z 001yy | |
| 200 | 1 | @a马克思恩格斯书简@AMa Ke Si En Ge Si Shu Jian@f中共中央马恩列斯著作编译局编译@FZhong Gong Zhong Yang Ma En Lie Si Zhu Zuo Bian Yi Ju Bian Yi |
| 205 | @a2版 | |
| 210 | @a北京@c人民出版社@d1973.09 | |
| 215 | @a107页@d21cm | |
| 320 | @a书后附人名索引 | |
| 606 | 0 | @a马恩著作@x日记 |
| 606 | 0 | @a马恩著作@x函电 |
| 606 | 0 | @a马恩著作@x书信集 |
| 606 | 0 | @a马恩著作@x谈话 |
| 690 | @aA13@v3 | |
| 711 | 02 | @a中共中央马恩列斯著作编译局@4编译 |
| 801 | @aCN@bPftUser@c20060815 | |
| 905 | @dA13@e13=2@f1@b65483 | |
| 马克思恩格斯书简/中共中央马恩列斯著作编译局编译.-2版.-北京:人民出版社,1973.09 |
| 107页;21cm |
| ISBN :CNY0.24 |
| ● |
| 相关链接 |
|
|
|
|
正题名:马克思恩格斯书简
索取号:A13/13=2
 
预约/预借
| 序号 | 登录号 | 条形码 | 馆藏地/架位号 | 状态 | 备注 |
| 1 | 0065482 | 202391982 | 密集书库/ [索取号:A13/13=2] | 在馆 | |
| 2 | 0065483 | 001968311 | 第一借阅区/ [索取号:A13/13=2] | 在馆 | |
| 3 | 0065484 | 000950126 | 第一借阅区/ [索取号:A13/13=2] | 在馆 | |
| 4 | 0065485 | 001855004 | 密集书库/ [索取号:A13/13=2] | 在馆 | |
| 5 | 0065486 | 000950000 | 第一借阅区/ [索取号:A13/13=2] | 在馆 | |
| 6 | 0065487 | 000949969 | 第一借阅区/ [索取号:A13/13=2] | 在馆 | |
| 7 | 0065488 | 001854997 | 密集书库/ [索取号:A13/13=2] | 在馆 | |
| 8 | 0065489 | 000950082 | 第一借阅区/ [索取号:A13/13=2] | 在馆 | |
| 9 | 0065490 | 000950046 | 第一借阅区/ [索取号:A13/13=2] | 在馆 | |
| 10 | 0065491 | 000950162 | 第一样本阅览室/ [索取号:A13/13=2] | 在馆 | |
| 11 | 0460266 | 204602661 | 密集书库/ [索取号:A13/13=2] | 在馆 |